000 00912cam a22002897a 4500
003 CHAP
005 20220329140649.0
008 971013s1965 r 00010 d
010 _a55619
011 _a56591
035 _a60744
040 _cCHAP
090 _aFolleto 533
100 0 0 _aScott, Kenneth L.
_9103392
245 1 4 _aLos clubes rurales de la juventud y su influencia en la formación de futuros agricultores
260 _aWashington :
_bBanco Interamericano de Desarrollo,
_c1965
300 _a40 p.
490 0 _aDoc. 16
500 _aJornadas de financiamiento agrícola en América Latina. Viña del Mar, 1965
590 _aBATCH-UPD
_b10
_c20130110
_lUCH01
_h0525
590 _aCONVERSION
_b10
_c20130109
_lUCH01
_h1330
650 1 4 _aAgricultura
_xClubes.
_91362
830 0 _aDoc. 16
_933150
901 _aBK
942 _cFOLL
949 _aFolleto 533
_bBC
_cFOLL
_d-130729
_eTS1
_i60744
_si
999 _c55619
_d55619